000 01096nam a22002297a 4500
005 20170124103149.0
010 _aB-179386
020 _c400.00
_a8188525103
035 _aB-179386
037 _bCen Lib/Ret
040 _aDPL
_bHN
082 _a540.3
_bबृहत्
245 _aबृहत् अह्ग्रेज़ी-हिंदी रसायन विज्ञान कोश /
_cसंपादक गोपाल कृष्ण शेवड़े
246 _aBrihat angrezi hindi rasayan vigyaan kosh /
_bsampadak Gopal Krishn Sheved
260 _aदिल्ली
_bपरशुराम हिंदी संस्थान
_c2004
270 _bदिल्ली
_aसी-9/96, यमुना विहार
_e110053
300 _a317पृ.
_c20सेमी(सजिल्द )
650 _aरसायन विज्ञान--शब्दकोष
_x
_z
_975465
650 _aChemistry - Glossary
_987240
700 _aशेवड़े, गोपाल कृष्ण
_9111466
942 _2ddc
_cHN
_h540.3
_mबृहत्
999 _c119862
_d119862